|
|
|
|
| LEADER |
00000nam a2200000 i 4500 |
| 001 |
ELB139549 |
| 003 |
FINmELB |
| 005 |
20201022193357.0 |
| 006 |
m o d | |
| 007 |
cr cnu|||||||| |
| 008 |
180120t20162014enka ob 001 0 eng d |
| 020 |
|
|
|z 9781409451310
|
| 020 |
|
|
|a 9781317056133
|q (e-book)
|
| 035 |
|
|
|a (OCoLC)950005033
|
| 040 |
|
|
|a FINmELB
|b eng
|e rda
|c FINmELB
|
| 043 |
|
|
|a e-uk-en
|
| 050 |
|
4 |
|a PR2955.O86
|b .S535 2016
|
| 082 |
0 |
|
|a 822.3/3
|2 23
|
| 245 |
0 |
0 |
|a Shakespeare's erotic mythology and Ovidian Renaissance culture /
|c edited by Agncs Lafont, Universitae Paul-Valaery Montpellier III, France.
|
| 264 |
|
1 |
|a London, [England] ;
|a New York, New York :
|b Routledge,
|c 2016.
|
| 264 |
|
4 |
|c Ã2014
|
| 300 |
|
|
|a 1 online resource (184 pages) :
|b illustrations
|
| 336 |
|
|
|a text
|2 rdacontent
|
| 337 |
|
|
|a computer
|2 rdamedia
|
| 338 |
|
|
|a online resource
|2 rdacarrier
|
| 504 |
|
|
|a Includes bibliographical references and index.
|
| 588 |
|
|
|a Description based on metadata supplied by the publisher and other sources.
|
| 590 |
|
|
|a Electronic reproduction. Santa Fe, Arg.: elibro, 2020. Available via World Wide Web. Access may be limited to eLibro affiliated libraries.
|
| 600 |
1 |
0 |
|a Shakespeare, William,
|d 1564-1616
|x Criticism and interpretation.
|
| 600 |
0 |
0 |
|a Ovid,
|d 43 B.C.-17 A.D. or 18 A.D.
|x Influence.
|
| 650 |
|
0 |
|a Eroticism in literature.
|
| 650 |
|
0 |
|a Pleasure in literature.
|
| 650 |
|
0 |
|a Renaissance
|z England.
|
| 655 |
|
4 |
|a Electronic books.
|
| 700 |
1 |
|
|a Lafont, Agncs,
|e editor.
|
| 797 |
2 |
|
|a elibro, Corp.
|
| 856 |
4 |
0 |
|u https://elibro.uam.elogim.com/ereader/bidiuam/139549
|z Texto completo
|
| 950 |
|
|
|a eLibro English
|